| 000 | 00720nam a22002537a 4500 | ||
|---|---|---|---|
| 003 | 0 | ||
| 005 | 20160609165117.0 | ||
| 008 | 091019t xxu||||| |||| 00| 0 eng d | ||
| 020 | _a13 978-28041-4703-7 | ||
| 040 |
_aBUAC _bFR _cBAC |
||
| 041 | _aFR | ||
| 082 | _a301.18 HEL | ||
| 100 |
_aHellriegel, Don _91460 |
||
| 245 |
_aManagement des organisations _c/Don Hellriegel; John W. Slocum |
||
| 250 | _a2éd. | ||
| 260 |
_aParis _bNouveaux Horizons; de boeck _c2006 |
||
| 300 |
_a727p. _bCouv. en coul. _c24 cm |
||
| 500 | _aTitre original:Organizational behavior | ||
| 600 |
_aSlocum, W. John _91461 |
||
| 650 |
_aManagement _91462 |
||
| 650 |
_aOganisation _91463 |
||
| 650 |
_aLeadership _91464 |
||
| 942 | _cLIVR | ||
| 999 |
_c46392 _d46392 |
||